| 000 | 01389nam0a2200313 4500 | ||
|---|---|---|---|
| 001 | RU\NLR\bibl\1240665 | ||
| 005 | 20260405162900.0 | ||
| 010 |
_a978-5-91575-010-3 _9500 |
||
| 021 |
_aRU _b2008-31366 _91734 |
||
| 035 | _a(NLR Aleph) 001226857 | ||
| 090 |
_a173496 _c173496 |
||
| 100 | _a20080613d2008 |||y0rusy50 ca | ||
| 101 | 0 | _arus | |
| 102 | _aRU | ||
| 105 | _aa ||||||||| | ||
| 200 | 1 |
_aЛюди земли Донской _e[альбом-каталог _fавт. текстов, сост.: Абрамова Т. Н. [и др.] _gнауч. ред.: Васильева С. И. (гл. ред.) и др.] |
|
| 210 |
_aРостов-на-Дону _cОмега-принт _d2008 (печ. 2007) |
||
| 215 |
_a270, [1] с. _cил., цв. ил., портр. _d31 |
||
| 320 | _aИмен. указ.: с. 268 | ||
| 607 |
_aРостовская область _xИстория _xДеятели _92528028 _3RU\NLR\auth\661497594 |
||
| 686 | _aТ3(2Р-4Р)0-8 | ||
| 702 | 1 |
_4220 _7ca _8rus _aАбрамова _bТ. Н. _cкраевед _gТатьяна Никитична _9228307 _3RU\NLR\AUTH\770228363 |
|
| 702 | 1 |
_4340 _8rus _7ca _aВасильева _bС. И. _cканд. полит. наук _f1954- _gСветлана Ивановна _3RU\NLR\AUTH\7769121 _952049 |
|
| 801 | 0 |
_aRU _bNLR _c20080613 _gRCR |
|
| 801 | 1 |
_aRU _bNLR _c20080613 |
|
| 942 | _cBOOK | ||
| 980 | _aNB | ||